Solus ad Solam

Gespeichert in:
Bibliographische Detailangaben
1. Verfasser: D'Annunzio, Gabriele
Format: Buch
Sprache:Undetermined
Veröffentlicht: París, Francia Balzac 1944
Schlagworte:
Tags: Tag hinzufügen
Keine Tags, Fügen Sie den ersten Tag hinzu!

MARC

LEADER 00000nam a2200000Ia 4500
008 170316s9999 xx 000 0 und d
040 |a cru BVZT 
090 |a 840 D-1s 
100 |a D'Annunzio, Gabriele 
245 |a Solus ad Solam 
260 |a París, Francia 
260 |b Balzac 
260 |c 1944 
300 |a 247 páginas 
650 |a LITERATURA FRANCESA 
999 |c 7642  |d 7642 
942 |c 15 D  |h 840 D-1s  |2 z